Marques de vélos utilisées en World Tour - Statistiques

Statistiques générales
  • Ce quiz a été pris 1 390 fois
  • Le résultat moyen est 11 sur 16
Statistiques - réponses
Equipes Marques % Correct
Trek Segafredo Trek
90%
Alpecin x Movistar Canyon
84%
Groupama FDJ Lapierre
82%
Jumbo Visma Cervelo
80%
Bora x Soudal x Total Specialized
80%
UAE team emirates Colnago
79%
Ineos Pinarello
74%
EF Cannondale
67%
Team DSM Scott
66%
AG2R BMC
65%
Intermarché Wanty Cube
61%
Arkéa Samsic Bianchi
59%
Cofidis Look
55%
Bahrain Merida
53%
Bike exchange Giant
52%
Astana Wilier
48%
Aucun quiz correspondant
Distribution des résultats
% des personnes avec chaque résultat
Percentile par nombre de réponses
Votre historique - résultats
Vous n’avez pas pris ce quiz